|
|
|
|
| LEADER |
00746cam a2200169 7i4500 |
| 001 |
0000012245 |
| 005 |
20160923090000.0 |
| 020 |
|
|
|a 9838805319
|
| 090 |
0 |
0 |
|a JF
|b NOV 2002
|
| 100 |
0 |
|
|a S. Shahril
|
| 245 |
1 |
0 |
|a Enigma dua dunia
|c S. Shahril.
|
| 260 |
|
|
|a Selangor:
|b Eddiplex,
|c 2002.
|
| 300 |
|
|
|a 113 p.;
|c 19 cm.
|
| 490 |
0 |
|
|a Siri novel mencabar keberanian
|
| 505 |
0 |
0 |
|a 1.Secebis video maut. -- 2. Dipenghujung cakerawala. -- 3.Wasiat untuk penjual nasi. -- 4.Pelarian. -- 5.KL yang ku kenal (Pengembaraan Desmond De Silva). -- 6.Juruhebah pujaanku. -- 7.Mawar tiga serangkai. -- 8.Enigma dua dunia. -- 9.Irama di atas loteng. -- 10.Suatu dimensi
|
| 650 |
0 |
0 |
|a Malay fiction
|
| 999 |
|
|
|a 0000015698
|b BOK
|c OPEN SHELF - CHILDREN
|e Ground Floor, Bestari Jaya
|